[Event "Gold Coast op"]
[Site "Gold Coast"]
[Date "2023.07.08"]
[Round "6"]
[White "Brady, Aiden"]
[Black "McGowan, Cameron"]
[Result "1/2-1/2"]
[WhiteElo "1970"]
[BlackElo "2201"]
[PlyCount "113"]
[EventDate "2023.07.05"]
[EventType "swiss"]
[EventRounds "9"]
[EventCountry "AUS"]
[SourceTitle "CBM 215 Extra"]
[Source "ChessBase"]
[SourceDate "2023.09.30"]
[SourceVersion "1"]
[SourceVersionDate "2023.09.30"]
[SourceQuality "1"]

1. e4 e5 2. Nf3 Nc6 3. Bb5 Nge7 4. c3 g6 5. 0-0 Bg7 6. d4 exd4 7. cxd4 a6 8. Ba4 b5 9. Bb3 0-0 10. d5 Na5 11. Bc2 d6 12. Re1 Bb7 13. Nc3 Nc4 14. Bb3 Na5 15. Bc2 c6 16. dxc6 Bxc6 17. Nd5 h6 18. Rb1 Nc4 19. b3 Bxd5 20. exd5 Nb6 21. Bb2 Bxb2 22. Rxb2 Nbxd5 23. Qd2 Nf6 24. Qxh6 Rc8 25. b4 Re8 26. Bb3 d5 27. Rbe2 Qd7 28. Ne5 Qf5 29. h3 Qh5 30. Qxh5 gxh5 31. Nd3 Kf8 32. Nf4 Nc6 33. Rxe8+ Rxe8 34. Rc1 Nd4 35. Rd1 Nxb3 36. axb3 Re4 37. Nxd5 Nxd5 38. Rxd5 Rxb4 39. Rd6 a5 40. Ra6 Rxb3 41. Rxa5 Kg7 42. h4 Kg6 43. Ra6+ f6 44. g3 Rc3 45. Rb6 Rc5 46. Kg2 Kf5 47. Kf3 Ke5 48. g4 hxg4+ 49. Kxg4 Rc4+ 50. Kg3 b4 51. h5 Kf5 52. Rb5+ Ke6 53. Rb7 Kf5 54. h6 Rc3+ 55. f3 Kg6 56. h7 Rc8 57. Rxb4 1/2-1/2

[Event "Gold Coast op"]
[Site "Gold Coast"]
[Date "2023.07.06"]
[Round "3"]
[White "Stojic, Dusan"]
[Black "Brady, Aiden"]
[Result "1-0"]
[WhiteElo "2234"]
[BlackElo "1970"]
[PlyCount "25"]
[EventDate "2023.07.05"]
[EventType "swiss"]
[EventRounds "9"]
[EventCountry "AUS"]
[SourceTitle "CBM 215 Extra"]
[Source "ChessBase"]
[SourceDate "2023.09.30"]
[SourceVersion "1"]
[SourceVersionDate "2023.09.30"]
[SourceQuality "1"]

1. Nf3 Nf6 2. g3 g6 3. Bg2 Bg7 4. 0-0 0-0 5. c4 c5 6. d4 d5 7. cxd5 Nxd5 8. e4 Nf6 9. e5 Nd5 10. dxc5 Nc6 11. Qa4 Nxe5 12. Nxe5 Bxe5 13. Qe4 1-0

[Event "Gold Coast op"]
[Site "Gold Coast"]
[Date "2022.06.25"]
[Round "5"]
[White "Nakauchi, Gene"]
[Black "Brady, Aiden"]
[Result "0-1"]
[WhiteElo "2124"]
[BlackElo "1866"]
[PlyCount "98"]
[EventDate "2022.06.23"]
[EventType "swiss"]
[EventRounds "9"]
[EventCountry "AUS"]
[SourceTitle "CBM 209 Extra"]
[Source "ChessBase"]
[SourceDate "2022.09.30"]
[SourceVersion "1"]
[SourceVersionDate "2022.09.30"]
[SourceQuality "1"]

1. e4 e5 2. Nf3 Nc6 3. Bb5 Nf6 4. 0-0 Nxe4 5. d4 Nd6 6. Bxc6 dxc6 7. dxe5 Nf5 8. Qxd8+ Kxd8 9. h3 h5 10. Nc3 Ke8 11. Re1 Be7 12. Ne4 Be6 13. g4 hxg4 14. hxg4 Nh4 15. Nxh4 Bxh4 16. g5 Rh5 17. Bf4 Bd5 18. e6 fxe6 19. c4 Bxc4 20. Kg2 Bd5 21. Kf3 Ke7 22. Rh1 Rah8 23. Rae1 e5 24. Bxe5 Rxg5 25. Kf4 Rg6 26. Nc3 Kd7 27. Nxd5 cxd5 28. Ke3 Re6 29. Kd3 Bxf2 30. Rxh8 Bxe1 31. Bxg7 c5 32. Bf8 Kc6 33. Rh7 Bg3 34. b3 a6 35. a4 b5 36. axb5+ axb5 37. Rh6 c4+ 38. bxc4 bxc4+ 39. Kc2 Rxh6 40. Bxh6 d4 41. Bg7 Kd5 42. Bh6 Ke4 43. Bd2 Kf3 44. Bc3 Ke3 45. Bb2 Be1 46. Kd1 Bf2 47. Ba1 Kd3 48. Bb2 c3 49. Bc1 c2# 0-1

[Event "Queensland-ch"]
[Site "Brisbane"]
[Date "2019.10.07"]
[Round "9"]
[White "Brady, Aiden"]
[Black "Garbett, Paul Anthony"]
[Result "0-1"]
[WhiteElo "1591"]
[BlackElo "2172"]
[PlyCount "54"]
[EventDate "2019.10.03"]
[EventType "swiss"]
[EventRounds "9"]
[EventCountry "AUS"]
[SourceTitle "EXT 2021"]
[Source "ChessBase"]
[SourceDate "2020.10.23"]
[SourceVersion "1"]
[SourceVersionDate "2020.10.23"]
[SourceQuality "1"]

1. e4 c5 2. Nf3 Nc6 3. d4 cxd4 4. Nxd4 Nf6 5. Nc3 d6 6. Bg5 e6 7. Qd2 a6 8. 0-0-0 Bd7 9. f4 Be7 10. Nxc6 Bxc6 11. e5 dxe5 12. fxe5 Qxd2+ 13. Rxd2 Nd7 14. Bf4 0-0 15. Bd3 Nc5 16. Re1 Nxd3+ 17. Rxd3 Rfd8 18. Re2 h6 19. Red2 Rxd3 20. Rxd3 Rc8 21. g4 b5 22. Re3 Ba8 23. h3 Rc4 24. Ne2 Rxf4 25. Nxf4 Bg5 26. Rd3 Bxf4+ 27. Kd1 Bd5 0-1

[Event "Queensland-ch"]
[Site "Brisbane"]
[Date "2019.10.06"]
[Round "6"]
[White "Esmaili, Ali"]
[Black "Brady, Aiden"]
[Result "0-1"]
[WhiteElo "1727"]
[BlackElo "1591"]
[PlyCount "34"]
[EventDate "2019.10.03"]
[EventType "swiss"]
[EventRounds "9"]
[EventCountry "AUS"]
[SourceTitle "EXT 2021"]
[Source "ChessBase"]
[SourceDate "2020.10.23"]
[SourceVersion "1"]
[SourceVersionDate "2020.10.23"]
[SourceQuality "1"]

1. d4 Nf6 2. Nf3 g6 3. c4 Bg7 4. Nc3 d5 5. e3 0-0 6. b3 c5 7. Bd3 Nc6 8. 0-0 Bg4 9. Be2 Rc8 10. Bb2 cxd4 11. exd4 dxc4 12. Ne5 Bxe2 13. Nxe2 cxb3 14. Qxb3 Nd5 15. Rad1 Qb6 16. Qxb6 Nxb6 17. f4 Nxe5 0-1